[Event "Oberliga Ost-A 2122"]
[Site "Germany"]
[Date "2022.04.30"]
[Round "2.1"]
[White "Mueller, Frank1111"]
[Black "Strache, Michael"]
[Result "1/2-1/2"]
[WhiteElo "2270"]
[BlackElo "2302"]
[PlyCount "117"]
[EventDate "2021.10.10"]
[EventType "team-tourn"]
[EventRounds "11"]
[EventCountry "GER"]
[SourceTitle "EXT 2023"]
[Source "ChessBase"]
[SourceDate "2022.10.05"]
[SourceVersion "1"]
[SourceVersionDate "2022.10.05"]
[SourceQuality "1"]
[WhiteTeam "Leipzig VfB"]
[BlackTeam "Sangerhausen"]
[WhiteTeamCountry "GER"]
[BlackTeamCountry "GER"]

1. d4 f5 2. Nf3 Nf6 3. g3 g6 4. Bg2 Bg7 5. c4 0-0 6. Nc3 d6 7. 0-0 Qe8 8. Re1 Qf7 9. e4 Nxe4 10. Nxe4 fxe4 11. Rxe4 Nc6 12. d5 Ne5 13. Rf4 Nxf3+ 14. Rxf3 Qe8 15. Qe2 Rxf3 16. Bxf3 Qf7 17. Bf4 Bf5 18. Re1 Re8 19. h4 h5 20. Qd2 b6 21. b4 Kh7 22. Re3 e5 23. dxe6 Bxe6 24. Bc6 Bd7 25. Bd5 Qf6 26. Rxe8 Bxe8 27. Qc2 Bd7 28. Bg5 Qa1+ 29. Kg2 Bf6 30. Qd3 Qb2 31. b5 Qa1 32. Bxf6 Qxf6 33. Qa3 Be6 34. Qxa7 Bxd5+ 35. cxd5 Qf7 36. Qb7 Kg7 37. Qc6 Kf8 38. Qc4 Ke8 39. Qe4+ Kd8 40. Qd4 Qf5 41. a4 Kc8 42. Kf1 Kb8 43. Ke2 Qc2+ 44. Kf3 Qf5+ 45. Ke3 Qc2 46. Qe4 Qc3+ 47. Ke2 Qb2+ 48. Kf1 Qf6 49. Kg2 Qf7 50. f3 Qf6 51. Kh3 Qa1 52. g4 hxg4+ 53. fxg4 Qc3+ 54. Kg2 Qd2+ 55. Kf3 Qc3+ 56. Qe3 Qf6+ 57. Kg3 Kb7 58. Qe6 Qd4 59. Qxg6 1/2-1/2

[Event "Erfurt op-A 29th"]
[Site "Erfurt"]
[Date "2019.12.27"]
[Round "3"]
[White "Pubantz, Jan"]
[Black "Strache, Michael"]
[Result "0-1"]
[WhiteElo "2207"]
[BlackElo "2301"]
[PlyCount "102"]
[EventDate "2019.12.26"]
[EventType "swiss"]
[EventRounds "8"]
[EventCountry "GER"]
[SourceTitle "CBM 194 Extra"]
[Source "ChessBase"]
[SourceDate "2020.03.31"]
[SourceVersion "1"]
[SourceVersionDate "2020.03.31"]
[SourceQuality "1"]

1. d4 f5 2. g3 Nf6 3. Bg2 g6 4. Nf3 Bg7 5. b3 0-0 6. Bb2 d6 7. Nbd2 Nc6 8. 0-0 e5 9. dxe5 Ng4 10. Nc4 Ngxe5 11. Nfxe5 Nxe5 12. Qd5+ Nf7 13. Bxg7 Kxg7 14. Rad1 Qf6 15. Qd4 Re8 16. Ne3 c6 17. c4 g5 18. Bf3 Qxd4 19. Rxd4 Kg6 20. b4 Be6 21. b5 Rac8 22. a4 Re7 23. a5 cxb5 24. cxb5 Rc5 25. Rb1 g4 26. Nd5 gxf3 27. Nxe7+ Kf6 28. Ng8+ Kg7 29. exf3 Kxg8 30. g4 Bd7 31. a6 b6 32. gxf5 Rxf5 33. Rc1 Rg5+ 34. Kf1 Bxb5+ 35. Ke1 Rc5 36. Rxc5 bxc5 37. Re4 Kf8 38. f4 Bxa6 39. Ra4 Bd3 40. Rxa7 Kg7 41. Kd2 Bg6 42. Ke3 Kf6 43. Ra5 Nh6 44. Kf3 Nf5 45. Kg4 Nd4 46. h4 h5+ 47. Kg3 Nf5+ 48. Kh3 c4 49. Ra6 Bf7 50. Rc6 Be6 51. Rc7 d5 0-1

[Event "Oberliga Ost-A 1920"]
[Site "Germany"]
[Date "2019.11.17"]
[Round "3.1"]
[White "Strache, Michael"]
[Black "Burian, Simon"]
[Result "1-0"]
[WhiteElo "2281"]
[BlackElo "2225"]
[PlyCount "67"]
[EventDate "2019.09.29"]
[EventType "team-tourn"]
[EventRounds "11"]
[EventCountry "GER"]
[SourceTitle "EXT 2021"]
[Source "ChessBase"]
[SourceDate "2020.10.23"]
[SourceVersion "1"]
[SourceVersionDate "2020.10.23"]
[SourceQuality "1"]
[WhiteTeam "Sangerhausen"]
[BlackTeam "Plauen Koenig II"]
[WhiteTeamCountry "GER"]
[BlackTeamCountry "GER"]

1. c4 c5 2. Nc3 g6 3. g3 Bg7 4. Bg2 Nf6 5. a3 Nc6 6. Rb1 a5 7. Nf3 0-0 8. 0-0 d6 9. d3 Bg4 10. h3 Bd7 11. Be3 Rb8 12. Qd2 Qc8 13. Kh2 Rd8 14. Bh6 Bh8 15. Bg5 Be6 16. Rfc1 Qd7 17. e4 b6 18. Be3 Qe8 19. Nb5 Bc8 20. Nh4 Qd7 21. f4 Ba6 22. Nf3 Bg7 23. Rf1 Ne8 24. a4 Rdc8 25. f5 e6 26. Bh6 exf5 27. exf5 Qxf5 28. Bxg7 Nxg7 29. Ng5 Bxb5 30. Rxf5 Nxf5 31. axb5 Ne5 32. Rf1 Rc7 33. Ne4 Rd8 34. Rxf5 1-0

[Event "Oberliga Ost-B 1617"]
[Site "Germany"]
[Date "2017.02.18"]
[Round "6.1"]
[White "Strache, Michael"]
[Black "Teske, Henrik"]
[Result "1/2-1/2"]
[WhiteElo "2310"]
[BlackElo "2487"]
[PlyCount "22"]
[EventDate "2016.10.16"]
[EventType "team-tourn"]
[EventRounds "11"]
[EventCountry "GER"]
[SourceTitle "EXT 2018"]
[Source "ChessBase"]
[SourceDate "2017.10.13"]
[SourceVersion "1"]
[SourceVersionDate "2017.10.13"]
[SourceQuality "1"]
[WhiteTeam "Sangerhausen"]
[BlackTeam "Erfurt Empor"]
[WhiteTeamCountry "GER"]
[BlackTeamCountry "GER"]

1. e4 c5 2. Nf3 d6 3. d4 Nf6 4. Nc3 cxd4 5. Nxd4 Nc6 6. Be2 g6 7. Be3 Bg7 8. Nb3 Be6 9. f4 a5 10. a3 0-0 11. Qd2 Qc8 1/2-1/2

[Event "Oberliga Ost-B 1617"]
[Site "Germany"]
[Date "2016.11.19"]
[Round "2.1"]
[White "Strache, Michael"]
[Black "Keller, Peter1111"]
[Result "0-1"]
[WhiteElo "2310"]
[BlackElo "2285"]
[PlyCount "74"]
[EventDate "2016.10.16"]
[EventType "team-tourn"]
[EventRounds "11"]
[EventCountry "GER"]
[SourceTitle "EXT 2018"]
[Source "ChessBase"]
[SourceDate "2017.10.13"]
[SourceVersion "1"]
[SourceVersionDate "2017.10.13"]
[SourceQuality "1"]
[WhiteTeam "Sangerhausen"]
[BlackTeam "Frankfurt TV"]
[WhiteTeamCountry "GER"]
[BlackTeamCountry "GER"]

1. e4 e5 2. Nf3 Nc6 3. Bb5 Nf6 4. 0-0 Nxe4 5. d4 Nd6 6. Bxc6 dxc6 7. dxe5 Nf5 8. Qxd8+ Kxd8 9. Nc3 Bd7 10. h3 b6 11. Bf4 h6 12. Rad1 Kc8 13. a3 Be7 14. g4 Nh4 15. Nxh4 Bxh4 16. Kg2 Be7 17. Ne2 c5 18. Nc3 Bc6+ 19. f3 c4 20. Nd5 Bc5 21. Rfe1 Rd8 22. Ne3 Rxd1 23. Nxd1 Kb7 24. Ne3 c3 25. b4 Bf8 26. Rb1 Rd8 27. Rd1 Rd2+ 28. Rxd2 cxd2 29. Nd1 Ba4 30. Bxd2 Bxc2 31. Ne3 Bb3 32. Nf5 Ka6 33. Nd4 Bd5 34. Kf2 c5 35. Nc2 Bb3 36. Na1 Ba4 37. Ke3 Kb5 0-1

[Event "Oberliga Ost-A 1516"]
[Site "Germany"]
[Date "2015.12.13"]
[Round "5.1"]
[White "Lechtynsky, Jiri"]
[Black "Strache, Michael"]
[Result "1/2-1/2"]
[WhiteElo "2366"]
[BlackElo "2327"]
[PlyCount "47"]
[EventDate "2015.09.20"]
[EventType "team-tourn"]
[EventRounds "11"]
[EventCountry "GER"]
[SourceTitle "EXT 2017"]
[Source "ChessBase"]
[SourceDate "2016.10.25"]
[SourceVersion "1"]
[SourceVersionDate "2016.10.25"]
[SourceQuality "1"]
[WhiteTeam "Hoyerswerda"]
[BlackTeam "Sangerhausen"]
[WhiteTeamCountry "GER"]
[BlackTeamCountry "GER"]

1. d4 Nf6 2. Nf3 e6 3. c4 c5 4. d5 exd5 5. cxd5 d6 6. Nc3 g6 7. Bg5 Bg7 8. e3 a6 9. a4 Bg4 10. Be2 Nbd7 11. Nd2 Bxe2 12. Qxe2 0-0 13. 0-0 Re8 14. a5 Qc7 15. Nc4 b5 16. axb6 Nxb6 17. Nxb6 Qxb6 18. Ra4 Reb8 19. Rb1 Nd7 20. Qc2 Qc7 21. e4 Nb6 22. Ra2 Nc4 23. Nd1 Ne5 24. Rba1 1/2-1/2

[Event "Oberliga Ost-B 1415"]
[Site "Germany"]
[Date "2015.02.21"]
[Round "9.1"]
[White "Strache, Michael"]
[Black "Grafl, Florian"]
[Result "0-1"]
[WhiteElo "2349"]
[BlackElo "2416"]
[PlyCount "60"]
[EventDate "2014.09.21"]
[EventType "team-tourn"]
[EventRounds "11"]
[EventCountry "GER"]
[SourceTitle "EXT 2016"]
[Source "ChessBase"]
[SourceDate "2015.10.08"]
[SourceVersion "1"]
[SourceVersionDate "2015.10.08"]
[SourceQuality "1"]
[WhiteTeam "Sangerhausen"]
[BlackTeam "Kassel"]
[WhiteTeamCountry "GER"]
[BlackTeamCountry "GER"]

1. d4 f5 2. e4 fxe4 3. Nc3 Nf6 4. Bg5 g6 5. h4 d5 6. h5 Bg7 7. hxg6 hxg6 8. Rxh8+ Bxh8 9. f3 Qd6 10. Nge2 exf3 11. gxf3 Nh5 12. Qd2 c6 13. 0-0-0 Bf6 14. Re1 Bf5 15. Bxf6 Qxf6 16. Nf4 Nxf4 17. Qxf4 Nd7 18. Ne2 0-0-0 19. Ng3 e6 20. a4 Rh8 21. Nxf5 gxf5 22. a5 Qh6 23. Qxh6 Rxh6 24. Be2 Kc7 25. Rg1 Rh4 26. c3 b6 27. Rg6 Kd6 28. Rg8 Rh1+ 29. Kd2 bxa5 30. Ra8 Nb6 0-1

[Event "Oberliga Ost-B 1415"]
[Site "Germany"]
[Date "2015.01.18"]
[Round "7.1"]
[White "Philipp, Michael"]
[Black "Strache, Michael"]
[Result "1-0"]
[WhiteElo "2209"]
[BlackElo "2349"]
[PlyCount "77"]
[EventDate "2014.09.21"]
[EventType "team-tourn"]
[EventRounds "11"]
[EventCountry "GER"]
[SourceTitle "EXT 2016"]
[Source "ChessBase"]
[SourceDate "2015.10.08"]
[SourceVersion "1"]
[SourceVersionDate "2015.10.08"]
[SourceQuality "1"]
[WhiteTeam "Weimar Vimaria"]
[BlackTeam "Sangerhausen"]
[WhiteTeamCountry "GER"]
[BlackTeamCountry "GER"]

1. e4 d6 2. d4 Nf6 3. Nc3 e5 4. Nf3 Nbd7 5. g4 Nxg4 6. Rg1 Ngf6 7. Bc4 h6 8. Be3 c6 9. dxe5 dxe5 10. Qd3 b5 11. Bb3 Qa5 12. 0-0-0 Ba6 13. Nd2 c5 14. Nd5 0-0-0 15. c4 b4 16. f4 Bb7 17. Nf3 Nxd5 18. exd5 exf4 19. Bxf4 Qa6 20. d6 f5 21. Ne5 Be4 22. Qe3 g5 23. Nxd7 Rxd7 24. Qxc5+ Qc6 25. Qxc6+ Bxc6 26. Be5 Bg7 27. Rge1 f4 28. c5 Re8 29. Bxg7 Rxe1 30. Rxe1 Rxg7 31. Be6+ Kd8 32. Re5 g4 33. Rf5 g3 34. Rf8+ Be8 35. hxg3 fxg3 36. c6 g2 37. c7+ Rxc7+ 38. dxc7+ Kxc7 39. Rg8 1-0

[Event "Erfurt op 24th"]
[Site "Erfurt"]
[Date "2014.12.27"]
[Round "3"]
[White "Berelowitsch, Alexander"]
[Black "Strache, Michael"]
[Result "0-1"]
[WhiteElo "2543"]
[BlackElo "2351"]
[PlyCount "74"]
[EventDate "2014.12.26"]
[EventType "swiss"]
[EventRounds "8"]
[EventCountry "GER"]
[SourceTitle "CBM 164 Extra"]
[Source "ChessBase"]
[SourceDate "2015.03.02"]
[SourceVersion "1"]
[SourceVersionDate "2015.03.02"]
[SourceQuality "1"]

1. e4 e5 2. Nf3 Nc6 3. Bb5 Nf6 4. d3 Bc5 5. c3 0-0 6. 0-0 d5 7. Qe2 Bg4 8. Bg5 a6 9. Bxc6 bxc6 10. h3 Bxf3 11. Qxf3 h6 12. Bh4 Qd6 13. Rd1 Nd7 14. Bg3 Qe6 15. d4 dxe4 16. Qxe4 Bb6 17. d5 Nf6 18. Qxe5 cxd5 19. Qxe6 fxe6 20. Nd2 Nh5 21. Kh2 Nxg3 22. fxg3 Rf2 23. Rab1 Raf8 24. Kh1 Bc5 25. Nf3 Bd6 26. g4 Rf4 27. Rf1 Rxf1+ 28. Rxf1 Re4 29. Re1 Rxe1+ 30. Nxe1 Kf7 31. Kg1 e5 32. Kf2 e4 33. Nc2 Kf6 34. b4 c5 35. a3 Ke5 36. Ke3 Be7 37. g3 d4+ 0-1

[Event "Oberliga Ost-B 1415"]
[Site "Germany"]
[Date "2014.10.19"]
[Round "3.1"]
[White "De Visser, Leon"]
[Black "Strache, Michael"]
[Result "0-1"]
[WhiteElo "2204"]
[BlackElo "2349"]
[PlyCount "86"]
[EventDate "2014.09.21"]
[EventType "team-tourn"]
[EventRounds "11"]
[EventCountry "GER"]
[SourceTitle "EXT 2016"]
[Source "ChessBase"]
[SourceDate "2015.10.08"]
[SourceVersion "1"]
[SourceVersionDate "2015.10.08"]
[SourceQuality "1"]
[WhiteTeam "Frankfurt BvK"]
[BlackTeam "Sangerhausen"]
[WhiteTeamCountry "GER"]
[BlackTeamCountry "GER"]

1. c4 g6 2. g3 Bg7 3. Bg2 f5 4. Nc3 Nf6 5. d3 0-0 6. e4 fxe4 7. dxe4 d6 8. Nge2 c5 9. 0-0 Nc6 10. h3 e5 11. Bg5 Be6 12. Nd5 Qd7 13. Bxf6 Bxf6 14. Kh2 Bg7 15. Qd2 Rf7 16. Rad1 Raf8 17. f3 h5 18. h4 Kh7 19. Qd3 Qd8 20. Bh3 Bxh3 21. Kxh3 g5 22. hxg5 Qxg5 23. Kg2 Bh6 24. Ndc3 Rf6 25. Ng1 Nd4 26. Nce2 h4 27. g4 Nxf3 28. Rxf3 Qxg4+ 29. Kf2 h3 30. Ng3 h2 31. Rxf6 hxg1Q+ 32. Kxg1 Rxf6 33. Rf1 Bf4 34. Rf3 Rg6 35. Kg2 Qh4 36. Qb3 Kh6 37. a4 a5 38. Qd3 Rxg3+ 39. Rxg3 Qxg3+ 40. Qxg3 Bxg3 41. Kxg3 Kg5 42. b3 b6 43. Kf3 Kh4 0-1

[Event "Oberliga Ost-B 1314"]
[Site "Germany"]
[Date "2013.10.13"]
[Round "1.1"]
[White "Strache, Michael"]
[Black "Becker, Michael"]
[Result "1-0"]
[WhiteElo "2325"]
[BlackElo "2319"]
[PlyCount "73"]
[EventDate "2013.10.13"]
[EventType "team-tourn"]
[EventRounds "11"]
[EventCountry "GER"]
[SourceTitle "EXT 2015"]
[Source "ChessBase"]
[SourceDate "2014.11.20"]
[SourceVersion "1"]
[SourceVersionDate "2014.11.20"]
[SourceQuality "1"]
[WhiteTeam "Sangerhausen"]
[BlackTeam "Halle"]
[WhiteTeamCountry "GER"]
[BlackTeamCountry "GER"]

1. d4 Nf6 2. c4 c5 3. Nf3 cxd4 4. Nxd4 Nc6 5. Nc3 g6 6. g3 Bg7 7. Bg2 Qa5 8. 0-0 0-0 9. Nc2 d6 10. Nb5 a6 11. Bd2 Qb6 12. Be3 Qa5 13. Bd2 Qb6 14. Nc3 Qc5 15. Nd5 Nxd5 16. cxd5 Nd4 17. Be3 Qxc2 18. Bxd4 Qc4 19. Bxg7 Kxg7 20. Qd2 Kg8 21. Rfc1 Qa4 22. Rc7 Re8 23. h4 Bf5 24. e4 Bg4 25. Rxb7 Rab8 26. b3 Qa3 27. Rc7 Rxb3 28. axb3 Qxa1+ 29. Kh2 Qd1 30. Qe3 Qe2 31. Qf4 h5 32. f3 Bc8 33. Qc1 Bg4 34. fxg4 hxg4 35. Rc8 Rxc8 36. Qxc8+ Kg7 37. Qe8 1-0